| 000 | 00433nam a2200157Ia 4500 | ||
|---|---|---|---|
| 008 | 230125s9999 xx 000 0 und d | ||
| 020 | _a978-93259-7617-7 | ||
| 041 | _aeng | ||
| 082 |
_a658.403 _bSHA |
||
| 100 |
_aSharma J K _9108162 |
||
| 245 |
_aBusiness Statistics _bProblems and Solutions |
||
| 250 | _aEd. 2nd | ||
| 260 |
_c2014 _bPearson Education _aDelhi |
||
| 300 | _a585p | ||
| 700 |
_aSharma J K & HNIMR Staff, Donor _9116167 |
||
| 999 |
_c93822 _d93822 |
||